Ibn Khaldun / (Record no. 78310)

MARC details
000 -LEADER
fixed length control field 01018nam a22002777a 4500
005 - DATE AND TIME OF LATEST TRANSACTION
control field 20130923150134.0
010 ## - LCCN (DPL NO)
LC control number ENG-108265
020 ## - INTERNATIONAL STANDARD BOOK NUMBER
International Standard Book Number 9780198090458
Terms of availability 425.00
020 ## - INTERNATIONAL STANDARD BOOK NUMBER
International Standard Book Number 0198090455
Terms of availability 425.00
035 ## - SYSTEM CONTROL NUMBER
System control number EN-91798
037 ## - SOURCE OF ACQUISITION
Source of stock number/acquisition DBAD/PUB
082 ## - DEWEY DECIMAL CLASSIFICATION NUMBER
Classification number 907.202
100 ## - MAIN ENTRY--PERSONAL NAME
Personal name Alatas, Syed Farid
245 10 - TITLE STATEMENT
Title Ibn Khaldun /
Statement of responsibility, etc by Syed Farid Alatas
260 ## - PUBLICATION, DISTRIBUTION, ETC. (IMPRINT)
Place of publication, distribution, etc New Delhi
Name of publisher, distributor, etc Oxford Centre for Islamic Studies
-- Oxford University Press
Date of publication, distribution, etc 2013
270 ## - ADDRESS
Address YMCA Library Building, 1 Jai Singh Road
City New Delhi
Postal code 110001
300 ## - PHYSICAL DESCRIPTION
Extent xii,160p.
Dimensions 22cm(pbk)
490 ## - SERIES STATEMENT
Series statement Makers of Islamic civilization
500 ## - GENERAL NOTE
General note Includes bibliographical references and index.
520 ## - SUMMARY, ETC.
Summary, etc On the life and works of Ibn Khaldūn, 1332-1406, Arab Muslim historiographer and historian.
600 ## - SUBJECT ADDED ENTRY--PERSONAL NAME
Personal name Ibn Khaldūn,
Dates associated with a name 1332-1406.
650 ## - SUBJECT ADDED ENTRY--TOPICAL TERM
Topical term or geographic name as entry element Historians, Arab
Geographic subdivision Islamic Empire
Form subdivision Biography.
650 ## - SUBJECT ADDED ENTRY--TOPICAL TERM
Topical term or geographic name as entry element Science
General subdivision Social aspects.
650 ## - SUBJECT ADDED ENTRY--TOPICAL TERM
Topical term or geographic name as entry element Islamic civilization.
942 ## - ADDED ENTRY ELEMENTS (KOHA)
Source of classification or shelving scheme Dewey Decimal Classification
Item type English Books
Call number suffix ALA
Classification part 907.202
Holdings
Withdrawn status Lost status Not for loan Collection code Home library Current library Date acquired Source of acquisition Cost, normal purchase price Full call number Barcode Copy number Cost, replacement price Koha item type
    Not For Loan Non-fiction D.B.Act.Division D.B.Act.Division 02/08/2013 DBAD / PUB 425.00 907.202 ALA EN-91799 1 425.00 English Books

© Delhi Public Library
Hit Counter
free hit counter